000 00380nam a2200121Ia 4500
005 20251222154306.0
008 251222s9999||||xx |||||||||||||| ||spa||
020 _a978-9972-46-446-1
082 _a333.910.85/R78
100 _a"Rojas Ayala, Hugo"
245 0 _a"Recursos hídricos e hidrobiológicos del sur oriente peruano: Potencial, productividad y problemética"
942 _cLIB
999 _c33207
_d33207